000 00679nam a22002537a 4500
003 CHAP
005 20220329140019.0
008 971013s1960 r 00010 d
010 _a45543
011 _a46515
035 _a50656
040 _cCHAP
082 _a658.8
_bT45
100 0 0 _aThin, Tun.
_9112786
245 _aTheory of markets
260 _aCambridge :
_bHarvard University Press,
_c1960
300 _a120 p.
590 _aBATCH-UPD
_b10
_c20130110
_lUCH01
_h1823
590 _aCONVERSION
_b10
_c20130109
_lUCH01
_h1325
650 1 4 _aMercados.
_974925
901 _aBK
942 _cLIBRO
949 _a658.8 T45
_bBC
_cLIBRO
_d33724000123535
_eLIBRO
_h25165
_i50656
_si
999 _c45543
_d45543